[Event "COL-ch U18"]
[Site "Bogota"]
[Date "2015.05.13"]
[Round "1"]
[White "Mercado Pena, Jorge Esteban"]
[Black "Olarte Parra, Jhoan Sebastian"]
[Result "0-1"]
[WhiteElo "1852"]
[BlackElo "2027"]
[PlyCount "48"]
[EventDate "2015.05.13"]
[EventType "tourn"]
[EventRounds "7"]
[EventCountry "COL"]
[SourceTitle "CBM 166 Extra"]
[Source "ChessBase"]
[SourceDate "2015.06.18"]
[SourceVersion "1"]
[SourceVersionDate "2015.06.18"]
[SourceQuality "1"]

1. e4 d5 2. exd5 Qxd5 3. Nc3 Qd8 4. d4 c6 5. Nf3 Nf6 6. Bc4 e6 7. Qe2 Bd6 8. 0-0 b5 9. Bb3 b4 10. Ne4 Ba6 11. Nxf6+ Qxf6 12. Bc4 Bxc4 13. Qxc4 0-0 14. Bg5 Qf5 15. Rfe1 Rc8 16. d5 exd5 17. Qh4 Nd7 18. Nd4 Qg6 19. f4 f6 20. Qh3 Bc5 21. c3 fxg5 22. Qxd7 gxf4 23. Kh1 Bxd4 24. Re6 Bf6 0-1

[Event "COL-ch School U17"]
[Site "Bogota"]
[Date "2014.11.14"]
[Round "1.5"]
[White "Mercado Pena, Jorge Esteban"]
[Black "Herrera C, Carlos Stiven"]
[Result "1-0"]
[WhiteElo "1762"]
[BlackElo "1472"]
[PlyCount "67"]
[EventDate "2014.11.14"]
[EventType "swiss"]
[EventRounds "6"]
[EventCountry "COL"]
[SourceTitle "EXT 2024"]
[Source "ChessBase"]
[SourceDate "2023.10.10"]
[SourceVersion "1"]
[SourceVersionDate "2023.10.10"]
[SourceQuality "1"]

1. e4 e5 2. Nf3 Nc6 3. d4 d5 4. exd5 Qxd5 5. c4 Bb4+ 6. Nc3 Qe4+ 7. Be3 exd4 8. Bd3 Qg4 9. Nxd4 Qxg2 10. Rf1 Nxd4 11. Bxd4 c5 12. Be3 Nf6 13. Qb3 Bg4 14. a3 Bxc3+ 15. Qxc3 0-0 16. f3 Rfe8 17. 0-0-0 Bh5 18. Rf2 Qh3 19. Rg1 Bg6 20. Bg5 Nh5 21. Rg4 b6 22. Bf1 Qxg4 23. fxg4 Nf6 24. Rxf6 gxf6 25. Bxf6 Re6 26. g5 Rae8 27. Qh3 Re1+ 28. Kd2 Rb1 29. Qh6 Rxb2+ 30. Bxb2 Rd8+ 31. Kc1 f6 32. gxf6 Rd7 33. Bh3 Rb7 34. Be6+ 1-0

[Event "Bogota Superate Intercol Adv B"]
[Site "Bogota"]
[Date "2014.10.28"]
[Round "3.5"]
[White "Mercado Pena, Jorge Esteban"]
[Black "Zapata Arbelaes, Estiven"]
[Result "0-1"]
[WhiteElo "1762"]
[BlackElo "2048"]
[PlyCount "55"]
[EventDate "2014.10.28"]
[EventType "swiss (blitz)"]
[EventRounds "8"]
[EventCountry "COL"]
[SourceTitle "EXT 2024"]
[Source "ChessBase"]
[SourceDate "2023.10.10"]
[SourceVersion "1"]
[SourceVersionDate "2023.10.10"]
[SourceQuality "1"]

1. e4 e5 2. Nf3 Nc6 3. d4 exd4 4. Nxd4 Bc5 5. Nb3 Bb6 6. Nc3 d6 7. a4 Qf6 8. Qe2 Nge7 9. Nd5 Nxd5 10. exd5+ Ne7 11. h4 Qe5 12. Qxe5 dxe5 13. a5 Bd4 14. c3 Nxd5 15. cxd4 Nb4 16. Kd1 Bf5 17. Bc4 0-0-0 18. Bd2 Nc2 19. Rc1 Nxd4 20. Nxd4 Rxd4 21. Ke2 Rhd8 22. Be3 Rxc4 23. Rxc4 Bd3+ 24. Kf3 Bxc4 25. Bxa7 Bd5+ 26. Kg3 Bc6 27. Be3 Rd3 28. Kg4 0-1

[Event "COL-ch U16"]
[Site "Bogota"]
[Date "2014.06.01"]
[Round "5"]
[White "Diaz Herrera, Leider Andres"]
[Black "Mercado Pena, Jorge Esteban"]
[Result "1/2-1/2"]
[WhiteElo "1920"]
[BlackElo "1677"]
[PlyCount "36"]
[EventDate "2014.05.29"]
[EventType "swiss"]
[EventRounds "7"]
[EventCountry "COL"]
[SourceTitle "CBM 160 Extra"]
[Source "ChessBase"]
[SourceDate "2014.07.01"]
[SourceVersion "1"]
[SourceVersionDate "2014.07.01"]
[SourceQuality "1"]

1. d4 Nf6 2. Bf4 g6 3. e3 Bg7 4. Nf3 0-0 5. Bd3 d6 6. Nbd2 c5 7. c3 Nc6 8. Bc2 h6 9. h3 Re8 10. dxc5 dxc5 11. Ne5 Nxe5 12. Bxe5 Qb6 13. c4 Rd8 14. 0-0 Be6 15. Bc3 Bxc4 16. Nxc4 Rxd1 17. Nxb6 Rxf1+ 18. Kxf1 axb6 1/2-1/2

[Event "Bogota School U15"]
[Site "Bogota"]
[Date "2012.11.29"]
[Round "1.2"]
[White "Mercado Pena, Jorge Esteban"]
[Black "Jimenez, Leonardo Andres"]
[Result "0-1"]
[WhiteElo "1494"]
[BlackElo "1875"]
[PlyCount "78"]
[EventDate "2012.11.29"]
[EventType "swiss"]
[EventRounds "5"]
[EventCountry "COL"]
[SourceTitle "EXT 2024"]
[Source "ChessBase"]
[SourceDate "2023.10.10"]
[SourceVersion "1"]
[SourceVersionDate "2023.10.10"]
[SourceQuality "1"]

1. e4 d5 2. exd5 Qxd5 3. Nc3 Qa5 4. Nf3 Nf6 5. d3 c6 6. Bd2 Qc7 7. h3 Bf5 8. Be2 Nbd7 9. Nd4 Bg6 10. 0-0 e6 11. Re1 Bc5 12. Nb3 Bd6 13. Bf3 0-0 14. Ne4 Nxe4 15. Bxe4 Bxe4 16. dxe4 Nf6 17. Bc3 Be5 18. Qf3 Rad8 19. Nc5 Nd7 20. Bb4 Bd6 21. Nxd7 Rxd7 22. Bc3 Be5 23. Rad1 Rfd8 24. Rd3 Rxd3 25. cxd3 Bxc3 26. bxc3 Qa5 27. Rb1 b5 28. d4 Qxa2 29. Qd1 Qa5 30. Ra1 Qb6 31. Qc1 h6 32. Qa3 Rd7 33. Qb4 a6 34. c4 Qxd4 35. Rxa6 Qxe4 36. Ra8+ Kh7 37. Rf8 Rd1+ 38. Kh2 Qf4+ 39. g3 Qxf2# 0-1

[Event "Cartagena Cup Edgardo La Cruz U14"]
[Site "Cartagena"]
[Date "2012.06.17"]
[Round "5.3"]
[White "Perez Bolano, Luis Daniel"]
[Black "Mercado Pena, Jorge Esteban"]
[Result "0-1"]
[WhiteElo "1400"]
[BlackElo "1477"]
[PlyCount "100"]
[EventDate "2012.06.15"]
[EventType "swiss"]
[EventRounds "6"]
[EventCountry "COL"]
[SourceTitle "EXT 2024"]
[Source "ChessBase"]
[SourceDate "2023.10.10"]
[SourceVersion "1"]
[SourceVersionDate "2023.10.10"]
[SourceQuality "1"]

1. c4 e5 2. d3 Nf6 3. Nd2 d5 4. cxd5 Nxd5 5. Ngf3 Nc6 6. g3 Bc5 7. a3 Bf5 8. e4 Bg4 9. h3 Bxf3 10. Qxf3 Nf6 11. Nb3 Nd4 12. Nxd4 Qxd4 13. Qe3 Qxe3+ 14. Bxe3 Bxe3 15. fxe3 0-0-0 16. Rc1 Rd6 17. Rd1 Rb6 18. d4 exd4 19. Rxd4 Rxb2 20. Rb4 Rxb4 21. axb4 Nxe4 22. Bd3 Nxg3 23. Rg1 Nh5 24. Rf1 f6 25. Rf5 Rd8 26. Be4 Ng3 27. Rd5 Nxe4 28. Rxd8+ Kxd8 29. Ke2 Nc3+ 30. Kd3 Nd5 31. e4 Nxb4+ 32. Kd4 a5 33. Kc3 b5 34. Kb3 c5 35. e5 fxe5 36. h4 a4+ 37. Ka3 c4 38. Kxb4 e4 39. Kxb5 a3 40. Kxc4 a2 41. Kd5 a1Q 42. Ke6 Qa5 43. Kf7 g5 44. hxg5 Qxg5 45. Kf8 Qe7+ 46. Kg8 Ke8 47. Kh8 Kd7 48. Kg8 Ke6 49. Kh8 Kf6 50. Kg8 Qg7# 0-1